Alcohol dose and aggression : Another reason why drinking more is a bad idea /
محفوظ في:
| مؤلفون آخرون: | , , , , |
|---|---|
| التنسيق: | مقال |
| اللغة: | English |
| الموضوعات: | |
| الوسوم: |
إضافة وسم
لا توجد وسوم, كن أول من يضع وسما على هذه التسجيلة!
|
| Thư viện lưu trữ: | Thư viện Trường Đại học Đà Lạt |
|---|
| LEADER | 00966nam a2200325 4500 | ||
|---|---|---|---|
| 001 | DLU110130200 | ||
| 005 | ##20111223 | ||
| 040 | # | # | |a DLU |b eng |
| 041 | # | # | |a eng |
| 044 | # | # | |a us |
| 245 | # | # | |a Alcohol dose and aggression : Another reason why drinking more is a bad idea / |c Aaron A. Duke ... [et al.]. |
| 653 | # | # | |a Aggressiveness |
| 653 | # | # | |a Alcohol use |
| 653 | # | # | |a Impact analysis |
| 653 | # | # | |a Violence |
| 700 | # | # | |a Duke, Aaron A. |
| 700 | # | # | |a Giancola, Peter R. |
| 700 | # | # | |a Gum, Rachel L. |
| 700 | # | # | |a Holt, Jerred C. D. |
| 700 | # | # | |a Morris, David H. |
| 773 | # | # | |t Journal of studies on alcohol and drugs |g Vol. 72, no. 1 (January 2011), p. 34-43 |
| 920 | # | # | |a Phòng Tạp chí -- Trung tâm Thông tin - Thư viện Trường Đại học Đà Lạt |
| 994 | # | # | |a DLU |
| 900 | # | # | |a True |
| 911 | # | # | |a Trương Bảo Trâm Anh |
| 925 | # | # | |a G |
| 926 | # | # | |a A |
| 927 | # | # | |a BB |
| 980 | # | # | |a Thư viện Trường Đại học Đà Lạt |